000 00601nam a2200229Ia 4500
003 OSt
005 20221007080857.0
006 a|||||r|||| 00| 0
007 ta
008 221006b |||||||| |||| 00| 0 eng d
024 _a27,611
037 _cTextual
040 _aFLL
_cFLL
_beng
041 _2eng
_aeng
082 _aZ73, K8
100 _aHoughteling James L.
_9695767
245 0 _aDynamics of law
260 _aNew York
_bHarcourt, Brace & World, Inc. New
_c1968
300 _aix,237p
_ccm.
942 _hZ73, K8
_cTEXL
_2CC
999 _c1161222
_d1161222